Т. 3; Энергетика и электрификация Западного Казахстана

Dettagli Bibliografici
Parent link:Энергетика и электрификация Западного Казахстана/ Ш. Ч. Чокин, Т. С. Сартаев, А. Ф. Шкрет; Казахский научно-исследовательский институт энергетики. Т. 3.— , 1986
Lingua:russo
Pubblicazione: 1986
Soggetti:
Natura: MixedMaterials Libro
KOHA link:https://koha.lib.tpu.ru/cgi-bin/koha/opac-detail.pl?biblionumber=26283

MARC

LEADER 00000nam0a2200000 4500
001 26283
005 20231030201536.0
035 |a (RuTPU)RU\TPU\book\26525 
035 |a BOOK00026600 
090 |a 26283 
100 |a 20011209d1986 k y0rusy50 ca 
101 0 |a rus 
102 |a KZ 
105 |a y z 001zy 
200 0 |a Т. 3 
210 |d 1986 
215 |a 240 с. 
320 |a Библиогр.: с. 233-238. 
461 |t Энергетика и электрификация Западного Казахстана  |v Т. 3  |f Ш. Ч. Чокин, Т. С. Сартаев, А. Ф. Шкрет  |g Казахский научно-исследовательский институт энергетики  |d 1986 
610 1 |a энергетика 
610 1 |a электрификация 
610 1 |a Западный Казахстан 
675 |a 620.9  |v 3 
675 |a 621.311.1  |v 3 
801 0 |a KZ  |b 63413507  |c 20011209  |g PSBO 
801 2 |a RU  |b 63413507  |c 20100120  |g PSBO 
942 |c BK